Cities on Interstate 80 on a Map - Statistics

General Stats
  • This quiz has been taken 129 times
  • The average score is 12 of 15
Answers on the Map
Answers color-coded by a green-red scale on the quiz's map according to % correct below.
 
Answer Stats
Population City % Correct
874,961 San Francisco
100%
197,796 Salt Lake City
99%
215,636 Des Moines
97%
283,839 Lincoln
95%
246,500 Reno
95%
475,862 Omaha
94%
500,930 Sacramento
92%
425,097 Oakland
87%
76,010 Gary
84%
276,614 Toledo
82%
102,037 South Bend
70%
102,169 Davenport
66%
74,950 Iowa City
66%
147,826 Joliet
52%
145,710 Paterson
37%
No matching quizzes found
Score Distribution
Percent of People with Each Score
Percentile by Number Answered
Your Score History
You have not taken this quiz